<?xml version="1.0" encoding="UTF-8"?>
<marc:record xmlns:marc="http://www.loc.gov/MARC21/slim">
   <marc:leader>00000nam a2200000 a 4500</marc:leader>
   <marc:datafield ind1="1" ind2=" " tag="100">
      <marc:subfield code="a">Laussegger, Armin (Hrsg.)</marc:subfield>
      <marc:subfield code="4">aut</marc:subfield>
      <marc:subfield code="e">Verfasser/-in</marc:subfield>
   </marc:datafield>
   <marc:datafield ind1=" " ind2=" " tag="653">
      <marc:subfield code="a">Objekte</marc:subfield>
   </marc:datafield>
   <marc:datafield ind1=" " ind2=" " tag="653">
      <marc:subfield code="a">Niederösterreich</marc:subfield>
   </marc:datafield>
   <marc:datafield ind1=" " ind2=" " tag="653">
      <marc:subfield code="a">Landessammlung</marc:subfield>
   </marc:datafield>
   <marc:datafield ind1="0" ind2="0" tag="245">
      <marc:subfield code="a">100 Objekte aus den Landessammlungen Niederösterreich</marc:subfield>
   </marc:datafield>
   <marc:datafield ind1="0" ind2="0" tag="245">
      <marc:subfield code="b">Natur, Archäologie, Kunst, Kulturgeschichte</marc:subfield>
   </marc:datafield>
   <marc:datafield ind1="0" ind2="0" tag="245">
      <marc:subfield code="c">Armin (Hrsg.) Laussegger</marc:subfield>
   </marc:datafield>
   <marc:datafield ind1=" " ind2="1" tag="264">
      <marc:subfield code="b">Amt der NÖ Landesregierung</marc:subfield>
      <marc:subfield code="c">2022</marc:subfield>
   </marc:datafield>
   <marc:datafield ind1="1" ind2=" " tag="520">
      <marc:subfield code="a">„100 Objekte aus den Landessammlungen Niederösterreich“ repräsentieren die beeindruckende Geschichte des Bundeslandes, das vor 100 Jahren in seiner heutigen Form begründet wurde.
Aus den Bereichen Natur, Archäologie, Kulturgeschichte und Kunst werden museale Objekte in einer Auswahl der jeweiligen Sammlungsleitung vorgestellt, als Special wird zudem anhand konkreter Beispiele die Tätigkeit des Bereichs Restaurierung dargestellt. Die 100 Highlights der Sammlungsbestände sind jeweils auf einer Doppelseite porträtiert. Die Texte stammen von Reinhard Linke und geben spannende Einblicke in die Landes- und Sammlungsgeschichte.</marc:subfield>
   </marc:datafield>
   <marc:datafield ind1=" " ind2=" " tag="300">
      <marc:subfield code="a">245 S.</marc:subfield>
   </marc:datafield>
</marc:record>
